Zones de Hollow Knight - Statistiques

Statistiques générales
  • Ce quiz a été pris 451 fois
  • Le résultat moyen est 11 sur 21
Statistiques - réponses
Hint Réponse % Correct
Le village à la surface, où l'on arrive au début du jeu Dirtmouth
85%
Zone sylvestre à la gauche de la précédente Vertchemin
85%
Ancienne capitale d'Hallownest, où la pluie est éternelle Cité des larmes
76%
Première zone, à laquelle on accède en sautant dans le puits Routes oubliées
73%
Foyer des abeilles accessible depuis le tramway La ruche
67%
Territoire des araignées gardé par les Dames Mante Nid-Profond
62%
L'endroit le plus profond d'Hallownest Les abysses
61%
Territoire des champignons et des mantes Cavernes nocives
54%
Falaises enneigées aux confins d'Hallownest Frontières du royaume
53%
Montagne de pierres précieuses voisine de la zone de départ Mont Cristal
52%
Rêve du cadavre d'un chevalier d'élite du Roi Pâle Palais blanc
52%
Cimetière où l'on obtient l'aiguillon des rêves Repos éternel
47%
Cavernes rosées où se cache les archives de l'érudite Brumes-Canyon
45%
Arène où les plus valeureux vont se mettre à l'épreuve Colisée des fous
45%
Zone luxuriante essentielle pour obtenir la vraie fin Jardins de la reine
45%
Zone extérieure derrière la passe du Roi Falaises hurlantes
44%
Égoûts de la capitale d'Hallownest Voies d'eau royales
41%
Zone profonde où se situait le palais du Roi Pâle Bassin ancestral
36%
Zone déjà visitée dans laquelle l'infection s'est répandue Routes contaminées
28%
Prison du Hollow Knight Temple de l'œuf noir
25%
Rêve ajouté dans la dernière extension où l'on peut revivre les combats passés Maison des dieux
20%
Aucun quiz correspondant
Distribution des résultats
% des personnes avec chaque résultat
Percentile par nombre de réponses
Votre historique - résultats
Vous n’avez pas pris ce quiz